Szczegóły MARC21

Gramatyka opisowa współczesnego języka rosyjskiego. Cz. 2, Leksyka, słowotwórstwo /

003 -Nazwa inst., której nr kontr. jest w polu 001 [,]
    • @
    • Nazwa instytucji, której n kontrolny jest w polu 001
    • NUKAT
005 -DATA I CZAS OSTATNIEJ MODYFIKACJI [,]
    • @
    • pole kontrolne
    • 20241231101941.0
020 -Międzynarod. znormalizowany nr książki - ISBN [ , ]
    • a
    • Numer ISBN
    • 8301064390 Find
    • q
    • Dopowiedzenie
    • oprawa miękka
040 -Instytucja sporządzająca opis [ , ]
    • a
    • Instytucja, która sporządziła opis (NP)
    • GD U/AJ
    • b
    • Język katalogowania
    • pol
    • e
    • Zasady katalogowania
    • rda
    • c
    • Instytucja, która sporządziła rekord (NP)
    • GD U/AJ
    • d
    • Instytucja, która zmodyfikowała rekord (P)
    • GD U/AJ
    • d
    • Instytucja, która zmodyfikowała rekord (P)
    • GD U/ISSs
    • d
    • Instytucja, która zmodyfikowała rekord (P)
    • KAT U/41BM
041 -Język dokumentu [0, ]
    • a
    • Język tekstu (P)
    • rosyjski
    • a
    • Język tekstu (P)
    • polski
942 -Rodzaj dokumentu [ , ]
    • c
    • Rodzaj dokumentu
    • Książka
100 -Hasło główne - nazwa osobowa [1, ]
    • a
    • Nazwa osobowa (NP)
    • Zmarzer, Wanda
    • d
    • Daty biograficzne (NP)
    • (1941-2020).
    • e
    • Rodzaj współpracy
    • Autor
    • 9
    • KHW
    • 19023
245 -Strefa tytułu i oznaczenia odpowiedzialności [1,0]
    • a
    • Tytuł
    • Gramatyka opisowa współczesnego języka rosyjskiego. Find
    • n
    • Oznaczenie części (P)
    • Cz. 2,
    • p
    • Nazwa części (P)
    • Leksyka, słowotwórstwo /
    • c
    • Pozostałe elementy strefy tytułu i oznaczenia odpowiedzialności (NP)
    • Wanda Zmarzer ; pod redakcją Alberta Bartoszewicza i Jana Wawrzyńczyka.
260 -Strefa adresu wydawniczego [ , ]
    • a
    • Miejsce wydania (P)
    • Warszawa :
    • b
    • Nazwa wydawcy (P)
    • Państwowe Wydawnictwo Naukowe,
    • c
    • Data wydania (P)
    • 1987.
300 -Strefa opisu fizycznego [ , ]
    • a
    • Określenie formy książki i/lub objętość (NP)
    • 188, [3] strony ;
    • c
    • Format (NP)
    • 24 cm.
336 -Typ zawartości [ , ]
    • a
    • Termin opisujący typ zawartości
    • Tekst
    • b
    • Kod określający zawartość
    • txt
    • 2
    • Źródło (terminu i kodu)
    • rdacontent
337 -Typ mediów [ , ]
    • a
    • Tryb odtwarzania
    • Bez urządzenia pośredniczącego
    • b
    • Kod typu mediów
    • n
    • 2
    • Źródło (terminu i kodu)
    • rdamedia
338 -Typ/rodzaj nośnika [ , ]
    • a
    • Hasło opisujące typ nośnika
    • Wolumin
    • b
    • Kod typu nośnika
    • nc
    • 2
    • Źródło (terminu i kodu)
    • rdacarrier
380 -Deskryptor - Forma dzieła (P) [ , ]
    • a
    • forma dzieła (NP)
    • Książki
380 -Deskryptor - Forma dzieła (P) [ , ]
    • a
    • forma dzieła (NP)
    • Publikacje naukowe
380 -Deskryptor - Forma dzieła (P) [ , ]
    • a
    • forma dzieła (NP)
    • Publikacje dydaktyczne
385 -Deskryptor - grupa odbiorców (P) [ , ]
    • m
    • wyrażenie wprowadzające (NP)
    • Poziom nauczania
    • a
    • termin określający odbiorcę (P)
    • Szkoły wyższe
388 -Deskryptor - czas powstania dzieła (P) [1, ]
    • a
    • Czas powstania dzieła (NP)
    • 1989-2000
388 -Deskryptor - czas powstania dzieła (P) [1, ]
    • a
    • Czas powstania dzieła (NP)
    • 1901-2000
504 -Uwaga dot. bibliogr. załącznikowej [ , ]
    • a
    • Uwaga dot. bibliografii załącznikowej
    • Bibliografia na stronach 188-[189].
521 -Uwaga dot. przeznaczenia czytelniczego [8, ]
    • a
    • Uwaga dot. przeznaczenia czytelniczego
    • Skrypt dla studentów uniwersytetów i wyższych szkół pedagogicznych.
546 -Uwaga dot. języka [ , ]
    • a
    • Uwaga dot. języka
    • Okładka i strona tytułowa w języku polskim. Tekst główny w języku rosyjskim.
    • b
    • Uwaga dot. alfabetu
    • Alfabet w większości cyrylicą.
080 -Uniwersalna Klasyfikacja Dziesiętna [ , ]
    • 2
    • Identyfikator wydania tablic
    • UDC-P058
    • a
    • Symbol klasyfikacji
    • 811.161.1'34
    • b
    • Dopowiedzenie
    • Język rosyjski. - Fonetyka. Fonologia.
    • 9
    • UKD
    • 16358
080 -Uniwersalna Klasyfikacja Dziesiętna [ , ]
    • 2
    • Identyfikator wydania tablic
    • UDC-P058
    • a
    • Symbol klasyfikacji
    • 811.161.1'36
    • b
    • Dopowiedzenie
    • Język rosyjski. - Gramatyka. Gramatyka generatywna.
    • 9
    • UKD
    • 19024
650 -Hasło przedmiotowe [ ,7]
    • a
    • Hasło przedmiotowe
    • Język rosyjski
    • x
    • Określnik rzeczowy
    • gramatyka
    • v
    • Określnik formalny
    • podręczniki akademickie.
    • 2
    • Źródło terminu
    • kaba
    • 9
    • KHW
    • 378586
650 -Hasło przedmiotowe [ ,7]
    • a
    • Hasło przedmiotowe
    • Język rosyjski
    • 2
    • Źródło terminu
    • DBN
    • 9
    • KHW
    • 721712
650 -Hasło przedmiotowe [ ,7]
    • a
    • Hasło przedmiotowe
    • Słowotwórstwo
    • 2
    • Źródło terminu
    • DBN
    • 9
    • KHW
    • 734573
650 -Hasło przedmiotowe [ ,7]
    • a
    • Hasło przedmiotowe
    • Słownictwo
    • 2
    • Źródło terminu
    • DBN
    • 9
    • KHW
    • 722103
650 -Hasło przedmiotowe [ ,7]
    • a
    • Hasło przedmiotowe
    • Gramatyka
    • 2
    • Źródło terminu
    • DBN
    • 9
    • KHW
    • 728084
655 -Hasło w funkcji tematu formalnego [ ,7]
    • a
    • Hasło
    • Podręcznik
    • 2
    • Źródło terminu
    • DBN
    • 9
    • KHW
    • 720960
658 -Ujęcie treści [ , ]
    • a
    • dziedzina nauki i sztuki/ sfera aktywności życiowej
    • Językoznawstwo
980 -Symbol UKD [ , ]
    • a
    • UKD
    • 811.161.1'34'36
700 -Hasło dodatkowe - nazwa osobowa [1, ]
    • a
    • Nazwa osobowa (NP)
    • Bartoszewicz, Albert Find
    • d
    • Daty biograficzne (NP)
    • (1942-2001).
    • e
    • Określenie rodzaju współpracy
    • Redakcja
    • 9
    • KHW
    • 19027
700 -Hasło dodatkowe - nazwa osobowa [1, ]
    • a
    • Nazwa osobowa (NP)
    • Wawrzyńczyk, Jan Find
    • d
    • Daty biograficzne (NP)
    • (1944-2021).
    • e
    • Określenie rodzaju współpracy
    • Redakcja
    • 9
    • KHW
    • 15566
710 -Hasło dodatkowe - nazwa ciała zbiorowego [2, ]
    • a
    • Nazwa ciała zbiorowego lub nazwa geograficzna jako pierwszy element (NP)
    • Państwowe Wydawnictwo Naukowe (1951-1992).
    • e
    • Rodzaj współpracy
    • Wydawca
    • 4
    • Kod relacji
    • pbl
    • 9
    • KHW
    • 52048
920 -ISBN [ , ]
    • a
    • ISBN
    • 83-01-06439-0 Find
    • q
    • Dopowiedzenie
    • oprawa miękka
Lokalizacja Data inwentaryzacji Sygnatura Numer inwentarzowy Uwagi nie widoczne w OPAC Status udost.
BG  W.152683retrokonwersja2
BG  W.152684retrokonwersja2
BG2008-09-10 W.152685retrokonwersja2
BG  W.152686retrokonwersja2
BG  W.152687retrokonwersja2
BG  W.152688retrokonwersja2
BG  W.152689retrokonwersja2
BG  W.152690retrokonwersja2
BG  W.152691retrokonwersja2
BG  W.152692retrokonwersja2
BG  W.152693retrokonwersja2
BG  W.152694retrokonwersja2
BG  W.152695retrokonwersja2
BG  W.152696retrokonwersja2
BG  W.152697retrokonwersja2
BG  W.152698retrokonwersja2
BG  W.152699retrokonwersja2
BG  W.152700retrokonwersja2
BG  W.152701retrokonwersja2
BG  W.152702retrokonwersja2
BG  W.152703retrokonwersja2
BG  W.152704retrokonwersja-3
BG  W.152705retrokonwersja-3
BG  W.152706retrokonwersja-3
BG  W.152707retrokonwersja-3
BG  W.152708retrokonwersja-3
BM ROS. Gramatyka 19R.5095 1
BM  R.5100 1